000 01095nam a2200265 i 4500
001 118842
003 ES-MaACL
005 20250731063037.0
007 t|
008 140916s2012 sp r ||||1| spa d
020 _a978-84-9948-641-3
080 _a504.38.054(460)
080 _a504.3.054(460)
100 1 _aVelázquez de Castro González, Federico,
_d1949-
_9155482
245 1 3 _aLa contaminación en España :
_blos efectos del ozono y del cambio climático /
_cFederico Velázquez de Castro González.
260 _aSan Vicente [del Raspeig] Alicante :
_bClub Universitario,
_cD.L. 2012.
300 _a107 p. :
_bgráf., mapas ;
_c24 cm.
504 _aBibliografía: p. 103-107.
650 4 _aCambios climáticos-
_xAspectos ambientales.
_9152134
650 4 _aOzono-
_xAspectos ambientales-
_zEspaña.
_9155498
852 _aES-MaACL
_jA-13245
_9123181
_bR.150107
_cDEPO1
_dOlim: N-6245
_hDonación: Federico Velázquez de Castro González
903 _aVelázquez de Castro González, Federico,
_d1949-
_ednr
_9155482
942 _2udc
_cMONOGRAFIA
999 _c118842
_d118842